A scientist with Perry in Japan

Đã lưu trong:
書目詳細資料
主要作者: Morrow, D. R. James
格式: 圖書
語言:Undetermined
出版: Richmond The University of North Carolina 1947
主題:
標簽: 添加標簽
沒有標簽, 成為第一個標記此記錄!
Thư viện lưu trữ: Trung tâm Học liệu Trường Đại học Cần Thơ
LEADER 00501nam a2200181Ia 4500
001 CTU_95466
008 210402s9999 xx 000 0 und d
082 |a 630.95 
082 |b M372 
100 |a Morrow, D. R. James 
245 2 |a A scientist with Perry in Japan 
245 0 |c D. R. James Morrow 
260 |a Richmond 
260 |b The University of North Carolina 
260 |c 1947 
650 |a Plan introduction 
904 |i Hiếu 
980 |a Trung tâm Học liệu Trường Đại học Cần Thơ